000 00348nam a2200157 i 4500
001 bg
100 1 _aBOLTON, William Ch.
245 0 _aZarys fizyki.
_nCz. 2 /
_cW. Ch. Bolton.
250 _aWyd.2.
260 _aWarszawa,
_c1988.
040 _cBPK
041 _apol
080 _a53
942 _cKS
008 s pl f |000 0 pol
999 _c23764
_d23764
856 _uhttp://koha.tu.koszalin.pl/cgi-bin/koha/opac-detail.pl?biblionumber=23764
_yKatalog online BPK